000 00250nam a2200097Ia 4500
082 _aEF VARG
245 0 _aThe chalk circle man
100 _a Vargas, Fred London, 2009
_978872
942 _cBK
008 210817s9999 xx 000 0 und d
999 _c425992
_d425991